000 00811nam a22002177a 4500
999 _c17865
_d17865
003 AR-CdUCM
008 190509b ||||| |||| 00| 0 spa d
040 _aMUNICIPALIDAD PROVINCIAL DEL CUSCO
_cBIBLIOTECA MUNICIPAL DEL CUSCO
082 _a150.13 /
_bM67
100 _aMirá y López, Emilio
_916117
245 _aCuatro gigantes del alma :
_bEl miedo, la ira, el amor, el deber /
260 _aBuenos Aires :
_bEl Ateneo,
_c1979.
300 _a238 paginas ;
_c20 cm.
505 _aContenido :El miedo --Las motivaciones del miedo --Formas y grados de invasión del miedo --Los miedo patológicos: Fobias --La lucha contra el miedo --La ira ...
650 _aMiedo
_917638
650 _aIra
_938067
650 _aAmor
_9905
650 _aDeber
_935156
942 _2ddc
_cLIBROS
945 _arjall
_d2019-05-09